| 000 | 00000nam 2200000za 4500 |
| 001 | 9.838109 |
| 003 | CaOODSP |
| 005 | 20221107151312 |
| 007 | cr ||||||||||| |
| 008 | 170612s2017 onca o f000 0 eng d |
| 020 | |z978-0-660-08495-4 |
| 040 | |aCaOODSP|beng |
| 043 | |an-cn--- |
| 086 | 1 |aCC172-173/2017E-PDF|zCC172-173/2017-PDF |
| 245 | 00|aIndustrial radiography client guide |h[electronic resource]. |
| 260 | |a[Ottawa] : |bCanadian Nuclear Safety Commission, |c[2017] |
| 300 | |a[1] p. : |bcol. ill. |
| 500 | |aIssued also in French under title: Guide du client pour la gammagraphie industrielle. |
| 500 | |aCaption title. |
| 500 | |aThe catalogue number (CC172-173/2017-PDF) and ISBN (978-0-660-08495-4) for the bilingual edition have been copied in this publication. |
| 530 | |aIssued also in bilingual print format. |
| 692 | 07|2gccst|aNuclear technology |
| 692 | 07|2gccst|aRadiation |
| 692 | 07|2gccst|aOccupational safety |
| 692 | 07|2gccst|aSafety measures |
| 710 | 2 |aCanadian Nuclear Safety Commission. |
| 775 | 08|tGuide du client pour la gammagraphie industrielle |w(CaOODSP)9.838114 |
| 856 | 40|qPDF|s524 KB|uhttps://publications.gc.ca/collections/collection_2017/ccsn-cnsc/CC172-173-2017-eng.pdf |